Ready Reference for General Nursing and Midwifery (Record no. 1871)
[ view plain ]
| 000 -LEADER | |
|---|---|
| Fixed length control field | 00736nam a22002057a 4500 |
| 003 - CONTROL NUMBER IDENTIFIER | |
| Control field | IIN |
| 005 - DATE AND TIME OF LATEST TRANSACTION | |
| Control field | 20250826125039.0 |
| 008 - FIXED-LENGTH DATA ELEMENTS--GENERAL INFORMATION | |
| Fixed length control field | 250826s2025 |||ad||| |||| 00| 0 eng d |
| 020 ## - INTERNATIONAL STANDARD BOOK NUMBER / ISBN | |
| International Standard Book Number | 9789394624108 |
| 040 ## - CATALOGING SOURCE | |
| Original cataloging agency | IIN |
| 082 ## - DEWEY DECIMAL CLASSIFICATION NUMBER | |
| Classification number | 610.73 |
| Book Number | DEY |
| 100 ## - MAIN ENTRY--PERSONAL NAME | |
| Personal name | Dey, Mamita |
| 245 ## - TITLE STATEMENT | |
| Title | Ready Reference for General Nursing and Midwifery |
| Sub title | Second Year Solved Questions and Answers (2014-2023) (Supplement Copy) |
| Statement of responsibility | Mamita Dey |
| 246 ## - VARYING FORM OF TITLE | |
| Title proper/short title | Ready Reference for General Nursing and Midwifery |
| 260 ## - IMPRINT | |
| Place of publication | Kolkata |
| Name of publisher | Ananda Publications |
| Date of publication | 2025 |
| 300 ## - PHYSICAL DESCRIPTION | |
| Page / Vol. No | 461 p. |
| Other physical details | ill. |
| 500 ## - GENERAL NOTE | |
| General note | Subjects Covered : Medical Surgical - I, Medical Surgical - II, Mental Health Nursing, Paediatric Nursing |
| 650 ## - SUBJECT ADDED ENTRY--TOPICAL TERM | |
| Topical term | Nursing |
| Form subdivision | GNM |
| General subdivision | Reference |
| 942 ## - ADDED ENTRY ELEMENTS (KOHA) | |
| Koha item type | Books |
| Withdrawn status | Lost status | Source of classification | Damaged status | Not for loan | Collection code | Home library | Current library | Shelving location | Date acquired | Total Checkouts | Call number | Accession number | Date last seen | Copy number | Price effective from | Koha item type |
|---|---|---|---|---|---|---|---|---|---|---|---|---|---|---|---|---|
| Dewey Decimal Classification | Purches Book(set price) | IDEAL INSTITUTE OF NURSING | IDEAL INSTITUTE OF NURSING | General Stacks | 11/04/2025 | 610.73 DEY | 2122 | 26/08/2025 | Supplement Copy | 26/08/2025 | Books |
